000
00311 a2200157 4500
001
186524
020
_a
85-7272-132-0
040
_c
Magnum
100
_a
Barreto, Antonio
240
1
0
_a
Zoonario
_l
por
245
1
0
_a
Zoonario
300
_a
26
362
0
_a
2001
697
_a
LITERATURA INFANTO
942
_c
BK
999
_c
186524
_d
186524